<?xml version="1.0" encoding="UTF-8"?>
<collection xmlns="http://www.loc.gov/MARC21/slim">
  <record>
    <leader>00000nam  2200000   4500</leader>
    <controlfield tag="001">INLIS000000000057734</controlfield>
    <datafield tag="990" ind1="#" ind2="#">
      <subfield code="a">17.682/Pb-11</subfield>
    </datafield>
    <controlfield tag="005">20210407071348</controlfield>
    <datafield tag="035" ind1="#" ind2="#">
      <subfield code="a">0010-0421000012</subfield>
    </datafield>
    <datafield tag="245" ind1="1" ind2="#">
      <subfield code="a">Budi Daya Ikan Bandeng Untuk Umpan /</subfield>
      <subfield code="c">M. Ghufran H. Kordi K.</subfield>
    </datafield>
    <datafield tag="100" ind1=" " ind2="#">
      <subfield code="a">Kordi, M. Ghufran H. K.</subfield>
    </datafield>
    <datafield tag="300" ind1="#" ind2="#">
      <subfield code="a">167 ;</subfield>
      <subfield code="c">20.5</subfield>
    </datafield>
    <datafield tag="260" ind1="#" ind2="#">
      <subfield code="a">Jakarta :</subfield>
      <subfield code="b">Akademia,</subfield>
      <subfield code="c">2010</subfield>
    </datafield>
    <datafield tag="082" ind1="#" ind2="#">
      <subfield code="a">639.32</subfield>
    </datafield>
    <datafield tag="084" ind1="#" ind2="#">
      <subfield code="a">639.32 KOR b</subfield>
    </datafield>
    <datafield tag="020" ind1="#" ind2="#">
      <subfield code="a">978-602-838-122-2</subfield>
    </datafield>
  </record>
</collection>
